| 000 | 00791nam a22002057a 4500 | ||
|---|---|---|---|
| 005 | 20251108171208.0 | ||
| 008 | 250721s1964 xx 000 0 ara d | ||
| 082 | 1 | 4 | _aم/213.45/نسا |
| 100 | 1 | _aالنسائي، أحمد بن شعيب بن علي | |
| 245 | 1 | 0 |
_aسنن النسائي : _bالمجتبي / |
| 246 | 1 | 3 | _aزهر الربى على المجتبى المجتبى |
| 264 | 1 |
_aالقاهرة : _bمكتبة و مطبعة مصطفى البابي الحلبي و أولاده، _c1964. |
|
| 300 | _a8ج × 4مج | ||
| 500 | _aمع تعليقات مقتبسة من حاشية السندى | ||
| 650 | 1 | 7 | _aالإسلام |
| 650 | 1 | 7 | _aالحديث الشريف |
| 700 | 1 | _aالسيوطي، جلال الدين عبد الرحمن | |
| 942 |
_2ddc _cREF |
||
| 999 |
_c59035 _d59035 |
||